000
00337nam a2200145Ia 4500
003
OSt
005
20240309123810.0
008
170524s9999 xx 000 0 und d
020
_a
9332542228
040
_c
IIMT UNIVERSITY
100
_a
ROBBINS- SP
245
0
_a
ORAGANIZATION BEHAVIOUR
260
_b
HIMALYA PUB. HOUSE
942
_2
ddc
_c
02
999
_c
8022
_d
8022